| 000 | 00392nam a2200157Ia 4500 | ||
|---|---|---|---|
| 999 |
_c89283 _d89283 |
||
| 003 | 0100 | ||
| 005 | 20170526075935.0 | ||
| 008 | 130307s9999 xx 000 0 und d | ||
| 040 | _cARRUPELIB | ||
| 050 | _aDT434.E207 1915 | ||
| 100 |
_aOswald, Felix _931072 |
||
| 245 | _aAlone in the Sleeping-Sickness Country | ||
| 260 |
_bKegan Paul, Trench, Trubner Company LTD _aLondon _c1915 |
||
| 300 | _a219p | ||
| 650 |
_aAfrica, British East, Description and travel _xKavirondo (African people) _931073 |
||
| 942 |
_2lcc _cMONOGRAPH |
||